| 000 | 00641nam a22001937a 4500 | ||
|---|---|---|---|
| 005 | 20131217150014.0 | ||
| 010 | _aENG-108842 | ||
| 020 |
_a9789381176382 _c995.00 |
||
| 035 | _aEN-92375 | ||
| 037 | _bDBAD/PUB | ||
| 082 | _a332.170954 | ||
| 100 | _aNayak, Niranjan | ||
| 245 |
_aEmerging scenario of Indian banking sector / _cby Niranjan Nayak |
||
| 260 |
_aNew Delhi _bSSDN Publishers and Distributors _c2012 |
||
| 270 |
_a5A, Sahni Mansion, Ansari Road Daryaganj _bNew Delhi _e110002 |
||
| 300 |
_axiii,349p. _c22cm(Hb) |
||
| 500 | _aIncludes bibliographical references and index | ||
| 942 |
_2ddc _cEN _mNAY _h332.170954 |
||
| 999 |
_c81182 _d81182 |
||